Obras [de Gilberto Owen] /

Gespeichert in:
Bibliographische Detailangaben
1. Verfasser: Owen, Gilberto (autor)
Format: Buch
Sprache:Spanisch
Veröffentlicht: México : Fondo de Cultura Económica, 1979
Ausgabe:2a edición
Schriftenreihe:(Letras Mexicanas)
Schlagworte:
Tags: Tag hinzufügen
Keine Tags, Fügen Sie das erste Tag hinzu!

MARC

LEADER 00000nam^a2200000^a^4500
001 000015564
005 20250521000000.0
009 20260310084027.814
020 |a 968-16-0214-5 
037 |a Acervo ITESO - Biblioteca 
041 |a ESP 
082 |a 861.  |b OWE 
100 |a Owen, Gilberto  |e (autor) 
245 1 0 |a Obras [de Gilberto Owen] /  |c G. Owen. 
250 |a 2a edición 
264 1 |a México :  |b Fondo de Cultura Económica,  |c 1979 
300 |a 318 p. 
336 |a texto  |b txt  |2 rdacontenido 
337 |a sin mediación  |b n  |2 rdamedio 
338 |a volumen  |b nc  |2 rdasoporte 
440 1 |a (Letras Mexicanas) 
649 |a XX 
650 |a Poesía Mexicana 
650 |a Contemporáneos (Literatura Mexicana) 
650 |a Literatura Mexicana -  |y Siglo XX 
910 |a Fondo General 
920 |a Impresos - Libros 
930 |a Colección General 
940 |a Literatura 
905 |a 101 
901 |a 0155640100  |b IT1  |c LIT  |i 015564  |u 20250521 
902 |a https://opac.biblio.iteso.mx/vufind/Record/000015564